[Event "Deutsche Ländermeisterschaft 2014"]
[Site "Hannover GER"]
[Date "2014.10.04"]
[Round "3"]
[White "Weber, Max"]
[Black "Hampel, Felix"]
[Result "0-1"]
[Termination "normal"]
[Board "7.1"]
[WhiteElo "2188"]
[BlackElo "2160"]
[WhiteTeam "Mecklenburg-Vorpommern"]
[BlackTeam "Niedersachsen 2"]
[PlyCount "94"]
[WhiteFideId "4624831"]
[BlackFideId "24668125"]
[EventCountry "GER"]
[EventRounds "7"]
[EventType "team-swiss"]
[EventDate "2014.10.02"]

1. d4 g6 2. c4 Bg7 3. Nf3 d6 4. e4 e5 5. Be2 Nc6 6. d5 Nce7 7. Nc3 Nf6 8. O-O
O-O 9. Ne1 Nd7 10. f3 f5 11. g4 Nf6 12. Nd3 b6 13. Bd2 a5 14. Nf2 Bd7 15. b3
Kh8 16. a3 Neg8 17. Rb1 Ne8 18. Qc1 f4 19. Kg2 h5 20. h3 Bf6 21. b4 Bh4 22. Nd3
Bg3 23. c5 axb4 24. axb4 Nh6 25. Rh1 Kg7 26. Ra1 Rxa1 27. Qxa1 bxc5 28. bxc5
Qg5 29. c6 Bc8 30. Qa8 Nf6 31. Qb8 hxg4 32. Qxc7+ Rf7 33. Qxc8 gxf3+ 34. Bxf3
Be1+ 35. Kf1 Bxd2 36. Rg1 Qh4 37. Ne2 Be3 38. Rg2 g5 39. Nec1 Nxe4 40. Bxe4 f3
41. Bxf3 Bxc1 42. Nxc1 Rxf3+ 43. Ke2 Qe4+ 44. Kd2 Qd4+ 45. Ke1 Qc3+ 46. Kd1
Rf1+ 47. Ke2 Re1+ 0-1

[Event "Deutsche Ländermeisterschaft 2014"]
[Site "Hannover GER"]
[Date "2014.10.04"]
[Round "3"]
[White "Kyas, Philipp"]
[Black "Ispirjan, Mikael"]
[Result "1/2-1/2"]
[Termination "normal"]
[Board "7.2"]
[WhiteElo "2094"]
[BlackElo "1963"]
[WhiteTeam "Niedersachsen 2"]
[BlackTeam "Mecklenburg-Vorpommern"]
[PlyCount "115"]
[WhiteFideId "24670936"]
[BlackFideId "1271217"]
[EventCountry "GER"]
[EventRounds "7"]
[EventType "team-swiss"]
[EventDate "2014.10.02"]

1. d4 Nf6 2. c4 c5 3. d5 e6 4. Nc3 exd5 5. cxd5 d6 6. Bf4 g6 7. e3 a6 8. a4 Bg7
9. Bd3 O-O 10. Nf3 Re8 11. h3 Qc7 12. O-O Nbd7 13. Rc1 Nh5 14. Bh2 Ne5 15. Be2
Nxf3+ 16. Bxf3 Nf6 17. b4 b6 18. a5 Nd7 19. Na4 c4 20. axb6 Nxb6 21. Nxb6 Qxb6
22. Qa4 Bf5 23. Rxc4 Bd3 24. Rc6 Qb5 25. Qxb5 Bxb5 26. Rfc1 Bxc6 27. dxc6 Ra7
28. Bxd6 Bf8 29. Bxf8 Kxf8 30. Ra1 Rb8 31. Ra4 Ke7 32. Kf1 Kd6 33. Ke2 Rb5 34.
Kd3 a5 35. bxa5 Rbxa5 36. Rd4+ Kc7 37. Bd5 f5 38. Ke2 Ra4 39. Rd2 R4a5 40. g4
Ra4 41. Kf3 R7a5 42. Kg3 Rc5 43. Bf3 Ra7 44. Bd5 Ra4 45. gxf5 gxf5 46. Bf3 Rc3
47. Rd7+ Kc8 48. Rxh7 f4+ 49. Kg2 fxe3 50. fxe3 Ra2+ 51. Kg3 Rxe3 52. Kf4 Rc3
53. Bg4+ Kd8 54. Rd7+ Ke8 55. Rb7 Kd8 56. Rd7+ Ke8 57. Rb7 Kd8 58. Rd7+ 1/2-1/2

[Event "Deutsche Ländermeisterschaft 2014"]
[Site "Hannover GER"]
[Date "2014.10.04"]
[Round "3"]
[White "Phunhon Lopez, Daniel Alejandro"]
[Black "Schmekel, Florian"]
[Result "0-1"]
[Termination "normal"]
[Board "7.4"]
[WhiteElo "1807"]
[BlackElo "1792"]
[WhiteTeam "Niedersachsen 2"]
[BlackTeam "Mecklenburg-Vorpommern"]
[PlyCount "100"]
[WhiteFideId "12952567"]
[BlackFideId "12913456"]
[EventCountry "GER"]
[EventRounds "7"]
[EventType "team-swiss"]
[EventDate "2014.10.02"]

1. e4 c5 2. Nc3 Nc6 3. Bb5 Nd4 4. a4 g6 5. f4 Bg7 6. Nf3 b6 7. O-O Nxb5 8. Nxb5
a6 9. Nc3 Bb7 10. d3 d5 11. e5 e6 12. Qe1 Ne7 13. Qf2 Nc6 14. d4 cxd4 15. Nxd4
Nxd4 16. Qxd4 Rc8 17. Be3 Rc6 18. Qb4 Bf8 19. Qb3 Qc7 20. Rfd1 Bc5 21. Bd4
Bxd4+ 22. Rxd4 Rc4 23. Rxc4 dxc4 24. Qb4 Qc6 25. Kf2 Qxg2+ 26. Ke3 Qf3+ 27. Kd2
Qxf4+ 28. Ke1 Qxe5+ 29. Ne2 Bf3 30. Qxc4 Qxe2+ 31. Qxe2 Bxe2 32. Kxe2 Ke7 33.
Rf1 Rd8 34. Rf3 Rd6 35. Rc3 Kd7 36. Rf3 f5 37. Rh3 h5 38. Rg3 e5 39. b3 a5 40.
Rg5 Ke7 41. Rg3 Kf6 42. Rc3 e4 43. Rc8 Ke5 44. Ke3 f4+ 45. Ke2 e3 46. Re8+ Kf5
47. Rf8+ Kg4 48. h3+ Kg3 49. Ke1 Kf3 50. Rg8 e2 0-1

[Event "Deutsche Ländermeisterschaft 2014"]
[Site "Hannover GER"]
[Date "2014.10.04"]
[Round "3"]
[White "Schamber, Dennis"]
[Black "Polster, Christian"]
[Result "0-1"]
[Termination "normal"]
[Board "7.5"]
[WhiteElo "1552"]
[BlackElo "1818"]
[WhiteTeam "Mecklenburg-Vorpommern"]
[BlackTeam "Niedersachsen 2"]
[PlyCount "88"]
[WhiteFideId "12952176"]
[BlackFideId "12965081"]
[EventCountry "GER"]
[EventRounds "7"]
[EventType "team-swiss"]
[EventDate "2014.10.02"]

1. d4 Nf6 2. c4 c5 3. d5 b5 4. Qc2 g6 5. e4 d6 6. b3 Bg7 7. Bb2 O-O 8. f3 bxc4
9. Bxc4 Na6 10. Ne2 Qb6 11. Na3 Nb4 12. Qd2 Ba6 13. Bxa6 Qxa6 14. Nc4 Qb7 15.
O-O Rfb8 16. Bc3 Na6 17. Na5 Qd7 18. Rab1 Nc7 19. b4 Nb5 20. bxc5 Nxc3 21. Nxc3
dxc5 22. Nc6 Rb6 23. Qf4 e6 24. Rxb6 axb6 25. Ne5 Qe8 26. Nc4 exd5 27. Nxd5
Nxd5 28. exd5 b5 29. Nd6 Qd7 30. Rd1 Rxa2 31. Ne4 Qc8 32. d6 Bd4+ 33. Kh1 f5
34. Ng5 h6 35. Nh3 g5 36. Nxg5 hxg5 37. Qxg5+ Bg7 38. Qe7 Qf8 39. Qe6+ Qf7 40.
Qc8+ Kh7 41. d7 Qg6 42. g4 Qh6 43. Qc7 f4 44. Qxf4 Qxf4 0-1

[Event "Deutsche Ländermeisterschaft 2014"]
[Site "Hannover GER"]
[Date "2014.10.04"]
[Round "3"]
[White "von Estorff, Jacob"]
[Black "Wurst, Benedikt"]
[Result "1-0"]
[Termination "normal"]
[Board "7.6"]
[WhiteElo "1697"]
[BlackElo "1437"]
[WhiteTeam "Niedersachsen 2"]
[BlackTeam "Mecklenburg-Vorpommern"]
[PlyCount "57"]
[WhiteFideId "12974501"]
[BlackFideId "12991791"]
[EventCountry "GER"]
[EventRounds "7"]
[EventType "team-swiss"]
[EventDate "2014.10.02"]

1. e4 c5 2. Nf3 e6 3. d4 cxd4 4. Nxd4 a6 5. Nc3 Nc6 6. Be3 Be7 7. Bd3 e5 8. Nf3
Nf6 9. O-O O-O 10. Nd5 d6 11. Bb6 Qd7 12. c3 Nxd5 13. exd5 Nd8 14. Qc2 f5 15.
Bc4 Nf7 16. Nd2 e4 17. Nb3 Ne5 18. Be2 Bf6 19. Nd4 Qf7 20. Qb3 Nd7 21. Ne6 Re8
22. Nc7 Nxb6 23. Nxe8 Qxe8 24. Qxb6 Be5 25. f4 exf3 26. Bxf3 Qg6 27. Qd8+ Kf7
28. Qh4 Bd7 29. Bh5 1-0

[Event "Deutsche Ländermeisterschaft 2014"]
[Site "Hannover GER"]
[Date "2014.10.04"]
[Round "3"]
[White "Jörs, Pia-Milena"]
[Black "Möller, Hannah"]
[Result "1/2-1/2"]
[Termination "normal"]
[Board "7.7"]
[WhiteElo "1222"]
[BlackElo "1573"]
[WhiteTeam "Mecklenburg-Vorpommern"]
[BlackTeam "Niedersachsen 2"]
[PlyCount "96"]
[WhiteFideId "12964646"]
[BlackFideId "1270514"]
[EventCountry "GER"]
[EventRounds "7"]
[EventType "team-swiss"]
[EventDate "2014.10.02"]

1. e4 c5 2. Nf3 d6 3. d4 cxd4 4. Nxd4 Nf6 5. Nc3 g6 6. f3 Bg7 7. Be3 O-O 8. Bc4
Nc6 9. Bb3 Bd7 10. Qd2 a6 11. a3 Rc8 12. h4 h5 13. Rg1 Kh7 14. O-O-O b5 15. Nd5
Nxd5 16. Bxd5 Qc7 17. Nxc6 Bxc6 18. Bb3 Bb7 19. Kb1 a5 20. Rc1 e6 21. Bf4 Rfd8
22. Rgd1 a4 23. Bxd6 Qb6 24. Ba2 Bf8 25. e5 Bh6 26. f4 Bf8 27. c4 bxc4 28. Rxc4
Rxc4 29. Bxc4 Be4+ 30. Ka1 Qc6 31. Bf1 Be7 32. g3 Bf3 33. Qc1 Qxc1+ 34. Rxc1
Bxd6 35. exd6 Rxd6 36. Bb5 Rd1 37. Rxd1 Bxd1 38. Kb1 Bb3 39. Kc1 Kg7 40. Kd2
Kf6 41. Be8 e5 42. fxe5+ Kxe5 43. Ke3 Kf5 44. Bd7+ Ke5 45. Be8 Kf5 46. Bd7+ Ke5
47. Be8 Kf5 48. Bd7+ Ke5 1/2-1/2

[Event "Deutsche Ländermeisterschaft 2014"]
[Site "Hannover GER"]
[Date "2014.10.04"]
[Round "3"]
[White "Reichelt, Lena"]
[Black "Eulitz, Charlotte"]
[Result "0-1"]
[Termination "normal"]
[Board "7.8"]
[WhiteElo "1274"]
[BlackElo "1469"]
[WhiteTeam "Niedersachsen 2"]
[BlackTeam "Mecklenburg-Vorpommern"]
[PlyCount "74"]
[WhiteFideId "12981184"]
[BlackFideId "12964654"]
[EventCountry "GER"]
[EventRounds "7"]
[EventType "team-swiss"]
[EventDate "2014.10.02"]

1. d4 d5 2. Nf3 e6 3. e3 Nf6 4. Bd3 c5 5. c3 Nc6 6. Nbd2 Bd6 7. O-O O-O 8. Qe2
Re8 9. e4 e5 10. dxc5 Bxc5 11. Bb5 Bg4 12. exd5 Nxd5 13. Qc4 Bxf3 14. Nxf3 Qd6
15. Rd1 Rad8 16. Bg5 Rd7 17. Rd2 a6 18. Bxc6 Qxc6 19. Rad1 Nb6 20. Qe2 Rxd2 21.
Rxd2 f6 22. Bh4 Qe6 23. Qd1 Nc4 24. Re2 Qb6 25. Qd5+ Kf8 26. Qxc4 Rd8 27. b4
Be7 28. Rd2 g5 29. Rxd8+ Qxd8 30. Bg3 h5 31. h3 h4 32. Bh2 Qd1+ 33. Qf1 Qc2 34.
Qa1 Bd8 35. Qe1 Qxa2 36. Qd1 Bc7 37. Qd7 Qa1+ 0-1

[Event "Deutsche Ländermeisterschaft 2014"]
[Site "Hannover GER"]
[Date "2014.10.04"]
[Round "3"]
[White "Möhn, Hans"]
[Black "Baskin, Robert"]
[Result "1-0"]
[Termination "normal"]
[Board "8.1"]
[WhiteElo "2270"]
[BlackElo "2170"]
[WhiteTeam "Sachsen"]
[BlackTeam "Hessen 2"]
[PlyCount "115"]
[WhiteFideId "24647837"]
[BlackFideId "24662402"]
[EventCountry "GER"]
[EventRounds "7"]
[EventType "team-swiss"]
[EventDate "2014.10.02"]

1. Nf3 Nf6 2. c4 g6 3. b4 Bg7 4. Bb2 O-O 5. g3 c6 6. Bg2 d5 7. cxd5 cxd5 8. O-O
a6 9. a4 Qb6 10. Qb3 Nc6 11. b5 Na5 12. Qb4 Nc6 13. Qb3 Na5 14. Qd1 axb5 15.
Bd4 Qa6 16. axb5 Qxb5 17. Nc3 Qa6 18. Qb1 Bf5 19. d3 Qd6 20. e4 dxe4 21. dxe4
Nxe4 22. Nxe4 Qd5 23. Bxg7 Bxe4 24. Qb2 Rfd8 25. Bh6 f6 26. Ne1 Nc4 27. Bxe4
Qxe4 28. Qc2 Qd5 29. Rxa8 Rxa8 30. Bf4 g5 31. Bc1 Ne5 32. Bb2 Nc4 33. Bc1 Rd8
34. Qe2 Rd7 35. Qf3 Qd6 36. Qe4 b5 37. Ng2 e6 38. Ne3 Ne5 39. Ng4 Nxg4 40. Qxg4
b4 41. Be3 b3 42. Qc4 Qd5 43. Qxd5 Rxd5 44. Rb1 Rd3 45. Kf1 e5 46. Ke2 e4 47.
Rd1 Rc3 48. Bd4 Rf3 49. Be3 Rf5 50. Rd8+ Kf7 51. Rb8 Ra5 52. Rxb3 Ra2+ 53. Kf1
g4 54. Rb4 Ra1+ 55. Kg2 f5 56. Rb7+ Kg6 57. Rb6+ Kg7 58. Bd4+ 1-0

[Event "Deutsche Ländermeisterschaft 2014"]
[Site "Hannover GER"]
[Date "2014.10.04"]
[Round "3"]
[White "Grimm, Julius"]
[Black "Richter, Leonard"]
[Result "0-1"]
[Termination "normal"]
[Board "8.2"]
[WhiteElo "2026"]
[BlackElo "2130"]
[WhiteTeam "Hessen 2"]
[BlackTeam "Sachsen"]
[PlyCount "128"]
[WhiteFideId "12916986"]
[BlackFideId "12900290"]
[EventCountry "GER"]
[EventRounds "7"]
[EventType "team-swiss"]
[EventDate "2014.10.02"]

1. d4 Nf6 2. c4 g6 3. Nc3 Bg7 4. e4 d6 5. f3 O-O 6. Be3 Nbd7 7. Nge2 a6 8. Qd2
c5 9. Rd1 b6 10. Nc1 cxd4 11. Bxd4 Bb7 12. Be2 Qc7 13. O-O Rfe8 14. Be3 Rad8
15. Nb3 Bf8 16. Nd5 Nxd5 17. cxd5 Rc8 18. Rc1 Qb8 19. Nd4 Qa8 20. b4 Bg7 21.
Rxc8 Rxc8 22. Rc1 Rxc1+ 23. Qxc1 Bxd4 24. Bxd4 Qc8 25. Qxc8+ Bxc8 26. a4 Bb7
27. Kf2 g5 28. Kg3 f6 29. Kf2 Kf7 30. g3 Ke8 31. f4 gxf4 32. gxf4 f5 33. e5
dxe5 34. fxe5 Bxd5 35. Bxa6 Bc6 36. b5 Bd5 37. Bc8 Bb3 38. a5 bxa5 39. b6 a4
40. b7 Nb8 41. Bc5 Bd5 42. e6 Na6 43. Ba7 Kd8 44. Bb6+ Ke8 45. Bc7 Bxb7 46.
Bd7+ Kf8 47. Be5 Bd5 48. Bxa4 Nc5 49. Bc2 Bxe6 50. Ke3 Nd7 51. Kf4 Nxe5 52.
Kxe5 Kf7 53. Bxf5 Bxf5 54. Kxf5 h6 55. Ke5 e6 56. Ke4 Kf6 57. Kf4 e5+ 58. Ke4
Ke6 59. Ke3 Kf5 60. Kf3 h5 61. h3 e4+ 62. Ke3 Ke5 63. Ke2 Kf4 64. Kf2 h4 0-1

[Event "Deutsche Ländermeisterschaft 2014"]
[Site "Hannover GER"]
[Date "2014.10.04"]
[Round "3"]
[White "Urban, Konstantin"]
[Black "Stabernack, Joschi"]
[Result "1-0"]
[Termination "normal"]
[Board "8.3"]
[WhiteElo "1991"]
[BlackElo "2061"]
[WhiteTeam "Sachsen"]
[BlackTeam "Hessen 2"]
[PlyCount "79"]
[WhiteFideId "12927511"]
[BlackFideId "12937258"]
[EventCountry "GER"]
[EventRounds "7"]
[EventType "team-swiss"]
[EventDate "2014.10.02"]

1. e4 e5 2. Nf3 Nf6 3. Nc3 Nc6 4. d4 exd4 5. Nxd4 Bc5 6. Nxc6 bxc6 7. Bd3 O-O
8. O-O Re8 9. Bg5 h6 10. Bh4 Be7 11. Re1 Bb7 12. Bg3 d6 13. f4 Nd7 14. Qf3 Nc5
15. Bc4 Ba6 16. Bxa6 Nxa6 17. Rad1 Bh4 18. e5 Bxg3 19. Qxg3 d5 20. Rd4 Qd7 21.
b4 Qf5 22. b5 cxb5 23. Nxd5 Kh8 24. Ne3 Qe6 25. Rd5 Qb6 26. Kh1 Rad8 27. f5
Rxd5 28. Nxd5 Qd4 29. f6 g6 30. Ne7 Kh7 31. c3 Qc4 32. e6 Nc5 33. exf7 Qxf7 34.
Qxc7 Nd3 35. Rf1 a6 36. Qd6 Nb2 37. h3 Nc4 38. Qc7 Kh8 39. Rf3 Nd2 40. Qf4 1-0

[Event "Deutsche Ländermeisterschaft 2014"]
[Site "Hannover GER"]
[Date "2014.10.04"]
[Round "3"]
[White "Spitzl, Vinzent"]
[Black "Zienert, Richard"]
[Result "1-0"]
[Termination "normal"]
[Board "8.4"]
[WhiteElo "1964"]
[BlackElo "1996"]
[WhiteTeam "Hessen 2"]
[BlackTeam "Sachsen"]
[PlyCount "85"]
[WhiteFideId "12901253"]
[BlackFideId "12945986"]
[EventCountry "GER"]
[EventRounds "7"]
[EventType "team-swiss"]
[EventDate "2014.10.02"]

1. e4 Nf6 2. e5 Nd5 3. d4 d6 4. exd6 cxd6 5. c4 Nb6 6. Be2 g6 7. Nf3 Bg7 8. b3
O-O 9. Bb2 Nc6 10. O-O e5 11. d5 Ne7 12. a4 Bd7 13. Na3 a5 14. Nd2 h6 15. Ne4
Bf5 16. Nc3 g5 17. Nab5 Nbc8 18. Ba3 b6 19. f3 Bg6 20. Ne4 Bxe4 21. fxe4 f5 22.
Qd3 f4 23. Bg4 Rf6 24. Be6+ Kh8 25. h4 gxh4 26. Qh3 Bf8 27. Qxh4 Ng6 28. Qg4
Na7 29. Nc3 Rb8 30. Bb2 Rb7 31. Ne2 Rg7 32. Qh3 Be7 33. Bf5 Nf8 34. Rad1 Nh7
35. Nxf4 exf4 36. Rxf4 Ng5 37. Qh5 Nf7 38. Bxf6 Bxf6 39. Bg6 Ng5 40. Rdf1 Bd4+
41. Kh1 Kg8 42. Qxh6 Be5 43. Qxg5 1-0

[Event "Deutsche Ländermeisterschaft 2014"]
[Site "Hannover GER"]
[Date "2014.10.04"]
[Round "3"]
[White "Moses, Selina"]
[Black "Wilke, Tabea"]
[Result "1-0"]
[Termination "normal"]
[Board "8.5"]
[WhiteElo "1908"]
[BlackElo "1750"]
[WhiteTeam "Sachsen"]
[BlackTeam "Hessen 2"]
[PlyCount "93"]
[WhiteFideId "12908070"]
[BlackFideId "12910015"]
[EventCountry "GER"]
[EventRounds "7"]
[EventType "team-swiss"]
[EventDate "2014.10.02"]

1. e4 c5 2. Nf3 Nc6 3. d4 cxd4 4. Nxd4 Nf6 5. Nc3 e5 6. Ndb5 d6 7. Bg5 a6 8.
Na3 b5 9. Bxf6 gxf6 10. Nd5 Bg7 11. c3 f5 12. exf5 Bxf5 13. Nc2 O-O 14. Nce3
Bg6 15. Bd3 Rc8 16. O-O f5 17. f4 e4 18. Bc2 Kh8 19. a4 b4 20. cxb4 Bxb2 21.
Rb1 Bg7 22. b5 axb5 23. axb5 Na5 24. b6 Rb8 25. Rb5 Nb7 26. Nc7 Qd7 27. Qb1 Bd4
28. Ncd5 Qd8 29. Kh1 Be8 30. Rb4 Bc5 31. Qb2+ Kg8 32. Bb3 Kf7 33. Nc7+ Kg6 34.
Ne6 Qf6 35. Nxf8+ Qxf8 36. Nd5 Bxb4 37. Nxb4 Nc5 38. Nd5 Bc6 39. g4 Nxb3 40.
gxf5+ Kxf5 41. Qxb3 Rb7 42. Qh3+ Kg6 43. Rg1+ Kf7 44. Qf5+ Ke8 45. Qc8+ Kf7 46.
Qxc6 Qa8 47. Qxd6 1-0

[Event "Deutsche Ländermeisterschaft 2014"]
[Site "Hannover GER"]
[Date "2014.10.04"]
[Round "3"]
[White "Krastev, Alexander"]
[Black "Preißler, Niklas"]
[Result "1-0"]
[Termination "normal"]
[Board "8.6"]
[WhiteElo "1689"]
[BlackElo "1795"]
[WhiteTeam "Hessen 2"]
[BlackTeam "Sachsen"]
[PlyCount "51"]
[WhiteFideId "12989983"]
[BlackFideId "12927554"]
[EventCountry "GER"]
[EventRounds "7"]
[EventType "team-swiss"]
[EventDate "2014.10.02"]

1. e4 b6 2. d4 Bb7 3. Bd3 e6 4. Nf3 c5 5. c3 cxd4 6. cxd4 Bb4+ 7. Nbd2 Ne7 8.
O-O Bxd2 9. Bxd2 d5 10. e5 O-O 11. Rc1 Nbc6 12. Bxh7+ Kxh7 13. Ng5+ Kg6 14. Qg4
f5 15. exf6 gxf6 16. Nxe6+ Kf7 17. Nxd8+ Raxd8 18. Qh5+ Kg8 19. Rc3 Rf7 20. Bh6
Rh7 21. Rg3+ Kh8 22. Bg7+ Kg8 23. Bxf6+ Kf8 24. Qxh7 Ke8 25. Re1 Kd7 26. Rxe7+
1-0

[Event "Deutsche Ländermeisterschaft 2014"]
[Site "Hannover GER"]
[Date "2014.10.04"]
[Round "3"]
[White "Bui, Ngoc Han Julia"]
[Black "Reinecke, Katharina"]
[Result "1-0"]
[Termination "normal"]
[Board "8.7"]
[WhiteElo "1492"]
[BlackElo "1647"]
[WhiteTeam "Sachsen"]
[BlackTeam "Hessen 2"]
[PlyCount "149"]
[WhiteFideId "12977055"]
[BlackFideId "12929727"]
[EventCountry "GER"]
[EventRounds "7"]
[EventType "team-swiss"]
[EventDate "2014.10.02"]

1. e4 c6 2. Nf3 d5 3. Nc3 Bg4 4. h3 Bxf3 5. Qxf3 e6 6. Be2 Nf6 7. d3 Be7 8. O-O
dxe4 9. dxe4 O-O 10. Bd3 Nbd7 11. Be3 Ne5 12. Qe2 Nxd3 13. cxd3 Qc7 14. Rac1
Rfd8 15. Rfd1 Rd7 16. a3 Qa5 17. Bd2 Qa6 18. e5 Ne8 19. Be3 Rad8 20. d4 Qxe2
21. Nxe2 a6 22. f4 g6 23. g4 Nc7 24. Rc2 Nd5 25. Bc1 Bf8 26. Ng3 Nc7 27. Be3 c5
28. Ne4 Be7 29. Nxc5 Bxc5 30. Rxc5 Nd5 31. Bc1 Ne7 32. Be3 Nd5 33. Kf2 Nxe3 34.
Kxe3 Rd5 35. Rxd5 Rxd5 36. Rc1 Rd7 37. b4 Kf8 38. Rc5 Ke7 39. Ke4 h6 40. d5
exd5+ 41. Rxd5 Rc7 42. f5 gxf5+ 43. gxf5 Rc1 44. Rd3 h5 45. f6+ Ke8 46. Rf3
Re1+ 47. Kf5 Kd7 48. h4 Rh1 49. Rf4 Rd1 50. a4 Rd5 51. a5 Rd1 52. Re4 Rd5 53.
Kg5 Ke6 54. Kxh5 Rd1 55. Kg5 Rg1+ 56. Kf4 Rf1+ 57. Kg3 Rf5 58. Kg4 Rf1 59. Kg3
Rf5 60. Re3 Rxe5 61. Rxe5+ Kxe5 62. Kg4 Kxf6 63. Kf4 Kg6 64. Ke5 f6+ 65. Kf4
Kh5 66. Kf5 Kxh4 67. Kxf6 Kg4 68. Ke5 Kg5 69. Kd5 Kf5 70. Kc5 Ke5 71. Kb6 Kd5
72. Kxb7 Kc4 73. Kxa6 Kxb4 74. Kb6 Kc4 75. a6 1-0

[Event "Deutsche Ländermeisterschaft 2014"]
[Site "Hannover GER"]
[Date "2014.10.04"]
[Round "3"]
[White "Bürmann, Theresia"]
[Black "Von Jan, Lena"]
[Result "0-1"]
[Termination "normal"]
[Board "8.8"]
[WhiteElo "1253"]
[BlackElo "1335"]
[WhiteTeam "Hessen 2"]
[BlackTeam "Sachsen"]
[PlyCount "106"]
[WhiteFideId "12960241"]
[BlackFideId "12946060"]
[EventCountry "GER"]
[EventRounds "7"]
[EventType "team-swiss"]
[EventDate "2014.10.02"]

1. e4 e5 2. Nf3 Nc6 3. Bc4 Bc5 4. O-O Nf6 5. d4 Bxd4 6. Nxd4 Nxd4 7. Bg5 d6 8.
Nc3 h6 9. Be3 Nc6 10. h3 Ne7 11. Re1 Ng6 12. Qd2 O-O 13. Bd3 Be6 14. a3 c6 15.
Qc1 Re8 16. b4 d5 17. Bd2 d4 18. Ne2 Qd7 19. Ng3 Nh4 20. Bf1 Rad8 21. Qb2 Bxh3
22. Red1 Be6 23. c3 Qc7 24. a4 b6 25. Rab1 c5 26. bxc5 Qxc5 27. Qb4 Qxb4 28.
cxb4 Rc8 29. Rdc1 Bg4 30. f3 Bxf3 31. gxf3 Nxf3+ 32. Kf2 Nxd2 33. Rxc8 Rxc8 34.
Re1 Ng4+ 35. Ke2 Nxf1 36. Rxf1 Rc2+ 37. Kd3 Rc3+ 38. Kd2 Rxg3 39. Rc1 h5 40. a5
h4 41. axb6 axb6 42. b5 h3 43. Rh1 h2 44. Ke2 Rg1 45. Rxh2 Nxh2 46. Kf2 Rf1+
47. Kg2 d3 48. Kxh2 d2 49. Kg2 d1=Q 50. Kh2 Qe2+ 51. Kg3 Qf3+ 52. Kh4 Qg2 53.
Kh5 Rh1# 0-1

[Event "Deutsche Ländermeisterschaft 2014"]
[Site "Hannover GER"]
[Date "2014.10.04"]
[Round "3"]
[White "Kitze, Alexander"]
[Black "Kneip, Jakob"]
[Result "1-0"]
[Termination "normal"]
[Board "9.1"]
[WhiteElo "2060"]
[BlackElo "2033"]
[WhiteTeam "Sachsen-Anhalt"]
[BlackTeam "Hamburg"]
[PlyCount "67"]
[WhiteFideId "12914827"]
[BlackFideId "12912859"]
[EventCountry "GER"]
[EventRounds "7"]
[EventType "team-swiss"]
[EventDate "2014.10.02"]

1. e4 c6 2. c4 d5 3. exd5 cxd5 4. cxd5 Nf6 5. Nc3 g6 6. Nf3 Bg7 7. Bc4 O-O 8.
O-O Nbd7 9. d4 Nb6 10. Bb3 Nbxd5 11. Re1 e6 12. Bg5 Qa5 13. Qd2 Nxc3 14. bxc3
b6 15. Bh6 Bxh6 16. Qxh6 Bb7 17. Ng5 Qxc3 18. Rac1 Qd2 19. Nxf7 Qxh6 20. Nxh6+
Kg7 21. Rc7+ Kxh6 22. Rxb7 Rad8 23. Rxa7 Rxd4 24. Rxe6 Rd2 25. h3 Nh5 26. Ree7
Rfxf2 27. Rxh7+ Kg5 28. Bd5 Rfe2 29. Bf3 Re1+ 30. Kh2 Rb2 31. h4+ Kxh4 32. Rag7
Rbb1 33. Rxh5+ gxh5 34. g3# 1-0

[Event "Deutsche Ländermeisterschaft 2014"]
[Site "Hannover GER"]
[Date "2014.10.04"]
[Round "3"]
[White "Spät, Alexander"]
[Black "Heinemann, Josefine"]
[Result "1/2-1/2"]
[Termination "normal"]
[Board "9.2"]
[WhiteElo "2014"]
[BlackElo "2043"]
[WhiteTeam "Hamburg"]
[BlackTeam "Sachsen-Anhalt"]
[PlyCount "107"]
[WhiteFideId "24687693"]
[BlackFideId "12900460"]
[EventCountry "GER"]
[EventRounds "7"]
[EventType "team-swiss"]
[EventDate "2014.10.02"]

1. e4 c5 2. Nf3 e6 3. d4 cxd4 4. Nxd4 Nc6 5. Nc3 Qc7 6. f4 a6 7. Nxc6 Qxc6 8.
Bd3 b5 9. Qe2 Bb7 10. Bd2 Bc5 11. O-O-O Ne7 12. Rhf1 O-O-O 13. Qg4 g6 14. Qh3
f5 15. Rde1 Kb8 16. Kb1 Nc8 17. g4 b4 18. Nd1 fxe4 19. Bxe4 d5 20. Bg2 Nb6 21.
b3 Rc8 22. Qd3 Rhe8 23. Be3 a5 24. Rf2 Ka7 25. Qd2 a4 26. Nb2 Ba6 27. Bxc5 Qxc5
28. Bf1 axb3 29. axb3 Bxf1 30. Rfxf1 Qa5 31. Qd4 Qc5 32. Qxc5 Rxc5 33. Nd3 Rcc8
34. Nxb4 Nd7 35. Nd3 Nf6 36. Ne5 Ne4 37. Kb2 Rc7 38. h4 Rec8 39. c4 Nd2 40.
Ra1+ Kb7 41. Rf2 dxc4 42. bxc4 Nxc4+ 43. Nxc4 Rxc4 44. Re1 R8c6 45. Re3 Kc7 46.
Rff3 Kd7 47. Kb3 Rc1 48. Kb2 R6c2+ 49. Kb3 Rh2 50. f5 gxf5 51. gxf5 exf5 52.
Rxf5 Rxh4 53. Rd5+ Kc6 54. Ree5 1/2-1/2

[Event "Deutsche Ländermeisterschaft 2014"]
[Site "Hannover GER"]
[Date "2014.10.04"]
[Round "3"]
[White "Pallas, Sebastian"]
[Black "Pfreundt, Jakob"]
[Result "1/2-1/2"]
[Termination "normal"]
[Board "9.3"]
[WhiteElo "1947"]
[BlackElo "2040"]
[WhiteTeam "Sachsen-Anhalt"]
[BlackTeam "Hamburg"]
[PlyCount "120"]
[WhiteFideId "12905453"]
[BlackFideId "12918156"]
[EventCountry "GER"]
[EventRounds "7"]
[EventType "team-swiss"]
[EventDate "2014.10.02"]

1. e4 c5 2. Nf3 g6 3. d4 cxd4 4. Nxd4 Nc6 5. Nxc6 bxc6 6. Qd4 Nf6 7. e5 Nd5 8.
e6 Nf6 9. exf7+ Kxf7 10. Be2 Bg7 11. O-O Rf8 12. Qc4+ e6 13. Nc3 a5 14. Qh4 Qb6
15. Rb1 d5 16. Be3 Qb4 17. Qf4 Qxf4 18. Bxf4 Ba6 19. Bxa6 Rxa6 20. Na4 Nd7 21.
Bd6 Rc8 22. Nc5 Nxc5 23. Bxc5 a4 24. b3 axb3 25. axb3 Bc3 26. f3 Ra5 27. Be3
Ra2 28. Rbc1 c5 29. Rf2 e5 30. Kf1 Bd4 31. Re2 Ke6 32. Bd2 c4 33. bxc4 Rxc4 34.
Be1 Bc5 35. Bg3 e4 36. fxe4 dxe4 37. Bf2 Bd6 38. h3 Bf4 39. Rce1 Ke5 40. g3 Bh6
41. Rb1 Rcxc2 42. Rb5+ Kd6 43. Rb6+ Kc7 44. Rxc2+ Rxc2 45. Re6 Rc4 46. Re7+ Kd6
47. Rxh7 Bc1 48. Rg7 g5 49. Ke2 Rc2+ 50. Kd1 Rxf2 51. Kxc1 Kd5 52. Rxg5+ Kd4
53. Ra5 e3 54. Kd1 Kd3 55. Ra3+ Ke4 56. Ra8 Kf3 57. Rf8+ Kxg3 58. Re8 Kf3 59.
Rf8+ Kg2 60. Re8 e2+ 1/2-1/2

[Event "Deutsche Ländermeisterschaft 2014"]
[Site "Hannover GER"]
[Date "2014.10.04"]
[Round "3"]
[White "Krüger, David"]
[Black "Stein, Robert"]
[Result "1-0"]
[Termination "normal"]
[Board "9.4"]
[WhiteElo "2036"]
[BlackElo "1885"]
[WhiteTeam "Hamburg"]
[BlackTeam "Sachsen-Anhalt"]
[PlyCount "81"]
[WhiteFideId "12921858"]
[BlackFideId "12921084"]
[EventCountry "GER"]
[EventRounds "7"]
[EventType "team-swiss"]
[EventDate "2014.10.02"]

1. e4 e5 2. Nf3 Nc6 3. Bb5 a6 4. Bxc6 dxc6 5. O-O f6 6. d4 Bg4 7. c3 Bd6 8.
Nbd2 b5 9. a4 Ne7 10. h3 Bh5 11. Qc2 Bf7 12. dxe5 fxe5 13. c4 Ng6 14. cxb5 cxb5
15. axb5 O-O 16. bxa6 Qf6 17. Nc4 Be6 18. Ng5 Nf4 19. Bxf4 exf4 20. Nxe6 Qxe6
21. Nxd6 Qxd6 22. Ra3 Rf7 23. Qc4 Qf8 24. Rfa1 Kh8 25. Rf3 g5 26. Ra5 Rg7 27.
b4 Qc8 28. b5 g4 29. Rxf4 gxh3 30. g3 Qd8 31. Ra1 Qd2 32. Kh2 Rag8 33. Ra2 Qe1
34. Rf3 h5 35. Rf5 h4 36. Rh5+ Rh7 37. Qd4+ Rgg7 38. Qd8+ Rg8 39. Qxh4 Rxh5 40.
Qxh5+ Kg7 41. Qe2 1-0